| 000 | 00347nam a22001217a 4500 | ||
|---|---|---|---|
| 999 |
_c66782 _d66779 |
||
| 082 | _aR/1EL16 | ||
| 100 |
_aFaraz Ahmed Bhurt _a16EL63 |
||
| 245 | _aWireless Power Transmission Using Slayer Exciter Circuit With Tesla Coil | ||
| 260 |
_aNawabshah _bQUEST _c2019 |
||
| 300 | _a49P. | ||
| 700 | _aDepartment Of Electrical Engineering | ||
| 942 | _cTHESIS | ||